<?xml version="1.0" encoding="UTF-8"?>
<marc:record xmlns:marc="http://www.loc.gov/MARC21/slim">
   <marc:leader>00000nam a2200000 a 4500</marc:leader>
   <marc:datafield ind1="1" ind2=" " tag="100">
      <marc:subfield code="a">Dutton, Annette</marc:subfield>
      <marc:subfield code="4">aut</marc:subfield>
      <marc:subfield code="e">Verfasser/-in</marc:subfield>
   </marc:datafield>
   <marc:datafield ind1="0" ind2="0" tag="245">
      <marc:subfield code="a">Das geheime Versprechen</marc:subfield>
   </marc:datafield>
   <marc:datafield ind1="0" ind2="0" tag="245">
      <marc:subfield code="b">Roman</marc:subfield>
   </marc:datafield>
   <marc:datafield ind1="0" ind2="0" tag="245">
      <marc:subfield code="c">Annette Dutton</marc:subfield>
   </marc:datafield>
   <marc:datafield ind1=" " ind2="1" tag="264">
      <marc:subfield code="a">München</marc:subfield>
      <marc:subfield code="b">Knaur</marc:subfield>
      <marc:subfield code="c">2014</marc:subfield>
   </marc:datafield>
   <marc:datafield ind1="1" ind2=" " tag="520">
      <marc:subfield code="a">Angaben aus der Verlagsmeldung

Das geheime Versprechen : Roman / von Annette Dutton

Erschüttert liest die Australierin Sarah einen Artikel über die »verlorenen Kinder«: Bis in die 1960er Jahre wurden englische Kinder aus armen Familien nach Australien gebracht, ohne Wissen von deren Eltern, um Australien unkomplizierte Einwanderer zu verschaffen und England kostspielige Sozialfälle zu ersparen. Hat auch Sarahs Vater dieses Schicksal erlitten? Immerhin wuchs er in einem der Waisenhäuser auf, die im Artikel genannt werden. Sarah beginnt zu recherchieren - und erkennt überrascht, dass die Spuren nach Deutschland führen. Sie kann nicht ahnen, dass am Anfang aller Geheimnisse ein Versprechen zwischen zwei verzweifelten Jugendlichen steht, gebrochen und doch für immer bewahrt.
</marc:subfield>
   </marc:datafield>
   <marc:datafield ind1=" " ind2=" " tag="020">
      <marc:subfield code="a">9783426513736</marc:subfield>
      <marc:subfield code="9">9783426513736</marc:subfield>
   </marc:datafield>
   <marc:datafield ind1=" " ind2=" " tag="300">
      <marc:subfield code="a">431 S.</marc:subfield>
   </marc:datafield>
</marc:record>
